| 000 | 00329nam a2200121Ia 4500 | ||
|---|---|---|---|
| 008 | 210430s9999 xx 000 0 und d | ||
| 082 | _a342M2141 R | ||
| 100 |
_aShaukat Mahmood _935229 |
||
| 245 | 4 |
_aThe Registration ACT _cShaukat Mahmood |
|
| 260 |
_aLahore _bLegal Research centre _c2007 |
||
| 300 | _a359p | ||
| 942 |
_cBK _2ddc |
||
| 999 |
_c563299 _d563299 |
||